|
|
|
|
| LEADER |
01106nam a2200277 4500 |
| 001 |
c000141630 |
| 003 |
CARM |
| 005 |
00000000000000.0 |
| 008 |
720503s1967 at 10000 eng |
| 019 |
1 |
|
|a 614342
|5 LACONCORD2021
|
| 035 |
|
|
|a (OCoLC)314808
|5 LACONCORD2021
|
| 042 |
|
|
|a anuc
|
| 043 |
|
|
|a u-at---
|
| 050 |
0 |
0 |
|a L91
|b .N55 no. 2
|a LB2350
|
| 111 |
2 |
0 |
|a High School Principal's Conference,
|c University of New England,
|d 1967.
|
| 245 |
1 |
0 |
|a School to university.
|c W. G. Walker, editor.
|
| 260 |
|
|
|a [Armidale, Australia]
|b University of New England, Dept. of Education
|c [1967]
|
| 300 |
|
|
|a iv, 91 p.
|c 21 cm.
|
| 440 |
|
|
|a New England papers on education ;
|v no. 2
|
| 650 |
|
0 |
|a Articulation (Education)
|x Congresses.
|
| 650 |
|
0 |
|a Education, Secondary
|z Australia
|x Congresses.
|
| 700 |
1 |
|
|a Walker, W. G.
|q (William George),
|d 1928-
|e ed.
|
| 852 |
8 |
|
|b CARM
|h A2:AN03C0
|i D03754
|p 0181384
|f BK
|
| 082 |
0 |
|
|a 373.1218
|
| 999 |
f |
f |
|i 88f67095-8d8d-5f6a-a890-fbe8b3e2d4e3
|s f30b1ace-f53e-50fd-89bb-12d88139d353
|
| 952 |
f |
f |
|p Can circulate
|a CAVAL
|b CAVAL
|c CAVAL
|d CARM 1 Store
|e D03754
|f A2:AN03C0
|h Other scheme
|i book
|m 0181384
|